Численные методы. Решения задач и упражнения: учебное пособие

Sonraí bibleagrafaíochta
Príomhchruthaitheoir: Бахвалов Н. С. Николай Сергеевич
Rannpháirtithe: Корнев А. А. Андрей Алексеевич, Чижонков Е. В. Евгений Владимирович
Achoimre:Материал пособия соответствует программе курса «Численные методы», рекомендованной Министерством образования и науки РФ. Содержатся основные положения теории, большое количество подробно разобранных примеров, которые являются основой для компьютерного решения практических и учебных задач различного уровня сложности — от домашних упражнений до курсовых и дипломных работ. Включены упражнения для самостоятельной работы. Книга такого типа по численным методам не имеет аналогов как в нашей стране, так и за рубежом. Для студентов университетов, педагогических вузов, вузов с углубленным изучением математики, а также для студентов технических вузов, аспирантов и преподавателей, инженеров и научных работников, использующих в практической деятельности численные методы.
Teanga:Rúisis
Foilsithe / Cruthaithe: Москва, Дрофа, 2009
Sraith:Высшее образование: современный учебник
Ábhair:
Formáid: LEABHAR
KOHA link:https://koha.lib.tpu.ru/cgi-bin/koha/opac-detail.pl?biblionumber=127484

MARC

LEADER 00000nam0a2200000 4500
001 127484
005 20231101220045.0
010 |a 9785358036109 
035 |a (RuTPU)RU\TPU\book\137918 
090 |a 127484 
100 |a 20071217d2009 m y0rusy50 ca 
101 0 |a rus 
102 |a RU 
105 |a y j 001zy 
200 1 |a Численные методы. Решения задач и упражнения  |e учебное пособие  |f Н. С. Бахвалов, А. А. Корнев, Е. В. Чижонков 
210 |a Москва  |c Дрофа  |d 2009 
215 |a 395 с. 
225 1 |a Высшее образование: современный учебник 
320 |a Библиогр.: с. 393-394. 
330 |a Материал пособия соответствует программе курса «Численные методы», рекомендованной Министерством образования и науки РФ. Содержатся основные положения теории, большое количество подробно разобранных примеров, которые являются основой для компьютерного решения практических и учебных задач различного уровня сложности — от домашних упражнений до курсовых и дипломных работ. Включены упражнения для самостоятельной работы. Книга такого типа по численным методам не имеет аналогов как в нашей стране, так и за рубежом. Для студентов университетов, педагогических вузов, вузов с углубленным изучением математики, а также для студентов технических вузов, аспирантов и преподавателей, инженеров и научных работников, использующих в практической деятельности численные методы. 
606 1 |a Численные методы  |2 stltpush  |3 (RuTPU)RU\TPU\subj\18757  |9 44131 
610 1 |a задачи 
610 1 |a упражнения 
610 1 |a решения 
610 1 |a погрешности 
610 1 |a разностные уравнения 
610 1 |a функции 
610 1 |a производные 
610 1 |a приближение 
610 1 |a численное интегрирование 
610 1 |a матричные вычисления 
610 1 |a нелинейные уравнения 
610 1 |a разностные схемы 
610 1 |a дифференциальные уравнения 
610 1 |a интегральные уравнения 
610 1 |a уравнения с частными производными 
610 1 |a учебные пособия 
675 |a 519.6(076)  |v 3 
700 1 |a Бахвалов  |b Н. С.  |g Николай Сергеевич 
701 1 |a Корнев  |b А. А.  |g Андрей Алексеевич 
701 1 |a Чижонков  |b Е. В.  |g Евгений Владимирович 
801 1 |a RU  |b 63413507  |c 20071217  |g PSBO 
801 2 |a RU  |b 63413507  |c 20150507  |g PSBO 
900 |a Численные методы 
900 |a Вычислительная математика 
942 |c BK 
951 |b 010100  |b 010101 
959 |a 94/20071214  |d 2  |e 0  |f ЧЗТЛ:1  |f АНЛ:1 
959 |a 93/20081022  |d 5  |e 0  |f АНЛ:1  |f ЧЗТЛ:1  |f УФ:3